The Bible speaks to our day. (Record no. 3306)

000 -LEADER
fixed length control field 00593nam a2200193 a 4500
001 - CONTROL NUMBER
control field :::00001036$&:&@@
003 - CONTROL NUMBER IDENTIFIER
control field OkBaRHE
005 - DATE AND TIME OF LATEST TRANSACTION
control field 20000607103241.0
008 - FIXED-LENGTH DATA ELEMENTS--GENERAL INFORMATION
fixed length control field s1945 j 000 0 eng u
040 ## - CATALOGING SOURCE
Transcribing agency
100 1# - MAIN ENTRY--PERSONAL NAME
Personal name Barclay, George.
245 14 - TITLE STATEMENT
Title The Bible speaks to our day.
260 ## - PUBLICATION, DISTRIBUTION, ETC. (IMPRINT)
Place of publication, distribution, etc Philadelphia, PA., :
Name of publisher, distributor, etc Westminster Press
Date of publication, distribution, etc c1945
300 ## - PHYSICAL DESCRIPTION
Extent 93 p. ;
Dimensions 19 cm.
650 ## - SUBJECT ADDED ENTRY--TOPICAL TERM
Topical term or geographic name as entry element Bible
General subdivision Appreciation
650 ## - SUBJECT ADDED ENTRY--TOPICAL TERM
Topical term or geographic name as entry element Bible
General subdivision Criticism, Interpretation, etc.
942 ## - ADDED ENTRY ELEMENTS (KOHA)
Source of classification or shelving scheme
Koha item type Books
Copies
Shelving location Not for loan Full call number Source of classification or shelving scheme Barcode Date acquired Lost status Copy number Date last seen Permanent Location Price effective from Withdrawn status Damaged status Koha item type
General Stacks BS 511 .B28 10362010-04-14 12010-04-14RHEMA Bible Training College2010-04-14  Books